Els Escacs a Catalunya : revista mensual d'escacs revista mensual d'escacs
Descripción Física:
1 volum : il·lustracions, periodicitat mensual ; 24 cm
Otros Autores:
Soler, Plàcid
Idioma:
Catalán
MARC
| LEADER | 00000nas a2200000 a 4500 | ||
|---|---|---|---|
| 001 | 28001 | ||
| 003 | Arxiu | ||
| 005 | 20260324180117.0 | ||
| 008 | 160829d19271938spcmrxp cat c | ||
| 040 | |a AGDB | ||
| 245 | 0 | 3 | |a Els Escacs a Catalunya : |b revista mensual d'escacs |
| 260 | |a Barcelona : |b [s.n.], |c 1927-1938 | ||
| 300 | |a 1 volum : |b il·lustracions, periodicitat mensual ; |c 24 cm | ||
| 310 | |a Mensual | ||
| 362 | |a Any 1, núm. 1 (jul. 1927)-(1938) | ||
| 500 | |a Dirigida per: Plàcid Soler ; col·laboradors: J. Albert, R. Domènech, F. Fernàdez, etc. | ||
| 590 | |a Mensual. | ||
| 590 | |a Descripció basada en: Any 6, núm. 57 (març 1932). | ||
| 590 | |a Prové de 4170, exp. 80 | ||
| 650 | |a Escacs |v Revistes |9 46685 | ||
| 655 | 0 | |9 55823 |a Revistes | |
| 700 | 1 | |a Soler, Plàcid |9 46686 |e director editorial | |
| 866 | |a Any 6, 1932 (57) | ||
| 901 | |a Arxiu | ||
| 942 | |n 1 |2 udc |c REV | ||
| 952 | |0 0 |1 0 |4 0 |6 REV2179 |7 1 |9 53382 |a Arxiu |b Arxiu |d 2023-06-07 |h Any 6, núm. 57 (març 1932) |o Rev-2179 |p 28001 |r 2016-12-01 00:00:00 |w 2016-12-01 |y ARXIU | ||
| 999 | |c 57247 |d 57247 | ||